<?xml version="1.0" encoding="UTF-8"?>
<marc:record xmlns:marc="http://www.loc.gov/MARC21/slim">
   <marc:leader>00000nam a2200000 a 4500</marc:leader>
   <marc:datafield ind1="1" ind2=" " tag="100">
      <marc:subfield code="a">Westhoff, Ralf</marc:subfield>
      <marc:subfield code="4">aut</marc:subfield>
      <marc:subfield code="e">Verfasser/-in</marc:subfield>
   </marc:datafield>
   <marc:datafield ind1="1" ind2=" " tag="100">
      <marc:subfield code="a">Güldenberg, Patrick</marc:subfield>
   </marc:datafield>
   <marc:datafield ind1="1" ind2=" " tag="100">
      <marc:subfield code="a">Schuch, Karoline</marc:subfield>
   </marc:datafield>
   <marc:datafield ind1="1" ind2=" " tag="100">
      <marc:subfield code="a">Wittenborn, Michael</marc:subfield>
   </marc:datafield>
   <marc:datafield ind1="1" ind2=" " tag="100">
      <marc:subfield code="a">Lauterbach, Heiner</marc:subfield>
   </marc:datafield>
   <marc:datafield ind1="1" ind2=" " tag="100">
      <marc:subfield code="a">Schneeberger, Gisela</marc:subfield>
   </marc:datafield>
   <marc:datafield ind1="0" ind2="0" tag="245">
      <marc:subfield code="a">Wir sind die Neuen</marc:subfield>
   </marc:datafield>
   <marc:datafield ind1="0" ind2="0" tag="245">
      <marc:subfield code="c">Ralf Westhoff. Gisela Schneeberger ; Heiner Lauterbach ; Michael Wittenborn ; Karoline Schuch ; Patrick Güldenberg</marc:subfield>
   </marc:datafield>
   <marc:datafield ind1="1" ind2=" " tag="520">
      <marc:subfield code="a">##Wer sagt eigentlich, dass man mit 60 alt ist? Anne, Eddi und Johannes bestimmt nicht. Sie sind um die sechzig, können sich wenig leisten und gründen deshalb ihre alte Studenten-WG einfach neu. Alles soll so sein wie früher: Bis spät nachts um den Küchentisch herumsitzen und Wein trinken, über Gott und die Welt philosophieren und dabei die ehemaligen Hits hören.##Doch die neue Wohngemeinschaft hat die Rechnung nicht mit der Hausgemeinschaft gemacht. Denn über den drei Studenten von damals wohnen drei Studenten von heute. Und die verstehen überhaupt keinen Spaß. Sie büffeln für ihr Examen und können alles gebrauchen - bloß keine lustigen und lauten 60jährige, die sich nicht an die Regeln halten. Es dauert nicht lange, bis sich die beiden Generationen höllisch in die Haare kriegen. Aber was genau läuft hier falsch? Haben die Alten die Zeichen der Zeit nicht kapiert? Oder sehen die Jungen einfach nur alt aus?#</marc:subfield>
   </marc:datafield>
   <marc:datafield ind1=" " ind2=" " tag="041">
      <marc:subfield code="a">ger</marc:subfield>
   </marc:datafield>
</marc:record>
